Garden structure designs (Record no. 10339)

000 -LEADER
fixed length control field 00392nam a2200169Ia 4500
003 - CONTROL NUMBER IDENTIFIER
control field OSt
005 - DATE AND TIME OF LATEST TRANSACTION
control field 20220314182650.0
008 - FIXED-LENGTH DATA ELEMENTS--GENERAL INFORMATION
fixed length control field 220308s9999 xx 000 0 und d
020 ## - INTERNATIONAL STANDARD BOOK NUMBER
International Standard Book Number 9789881652911
082 ## - DEWEY DECIMAL CLASSIFICATION NUMBER
Classification number 717
Item number IFE
100 ## - MAIN ENTRY--PERSONAL NAME
Personal name  Ifengspace Huanan 
245 #0 - TITLE STATEMENT
Title Garden structure designs
260 ## - PUBLICATION, DISTRIBUTION, ETC. (IMPRINT)
Name of publisher, distributor, etc  ‎ Phoenix (1 March 2013)
365 ## - TRADE PRICE
Price type code USD
365 ## - TRADE PRICE
Unit of pricing 38
942 ## - ADDED ENTRY ELEMENTS (KOHA)
Source of classification or shelving scheme
Holdings
Withdrawn status Lost status Source of classification or shelving scheme Damaged status Koha normalized classification for sorting Not for loan Permanent location Current location Date acquired Source of acquisition Cost, normal purchase price Full call number Barcode Date last seen Cost, replacement price Price effective from Koha item type
        717_000000000000000_IFE   BMS College of Architecture, Design and Planning BMS College of Architecture, Design and Planning 2022-03-14 1 2093.42 717 IFE AR-UG2505 2022-03-14 2990.60 2022-03-14 UG Books
Copyright © 2025, The Librarian, Library and Information Centre, BMSCA D&P, Bengaluru. All Rights Reserved
web counter

Powered by Koha